[Event "AUTO-OPEN-3661"]
[Site "http://www.queenalice.com/game.php?id=1472179"]
[Date "2017.4.6"]
[Round "3"]
[White "Michelangelo"]
[Black "brianb65"]
[Result "0-1"]
[WhiteElo "2089"]
[BlackElo "2111"]

1. e4 c6 2. d4 d5 3. Nc3 e6 4. a3 Nf6 5. exd5 cxd5 6. Bd3 a6 7. Nf3 Bd6 8. O-O
O-O 9. Bg5 Nbd7 10. Re1 b5 11. Ne5 h6 12. Bh4 Bb7 13. Nxd7 Qxd7 14. Bxf6 gxf6
15. Qh5 Kg7 0-1

[Event "AUTO-OPEN-3661"]
[Site "http://www.queenalice.com/game.php?id=1472180"]
[Date "2017.4.6"]
[Round "3"]
[White "brianb65"]
[Black "Michelangelo"]
[Result "1-0"]
[WhiteElo "2066"]
[BlackElo "1947"]

1. Nf3 g6 2. d4 Bg7 3. e4 d6 4. Be3 Nf6 5. Bd3 O-O 6. O-O e6 7. c4 Re8 8. Nc3 b6
9. Re1 Bb7 10. Qc2 Nbd7 11. h3 d5 12. cxd5 exd5 13. e5 Ne4 14. Bxe4 dxe4 15.
Nxe4 Bxe4 16. Qxe4 Nf6 17. Qd3 Nd5 18. Rac1 Rc8 19. Bg5 Qd7 20. Qd2 Qb5 21. Bh6
c5 22. dxc5 Rxc5 23. Rxc5 Qxc5 24. Rd1 Nc7 25. Rc1 Qe7 26. Bxg7 Kxg7 27. Rc6 Ne6
28. Rd6 Nc5 29. Qd5 Rc8 30. g3 Rc7 31. Kg2 Ne6 32. Nd4 Nxd4 33. Qxd4 Rc2 34. e6+
Qf6 35. e7 Qxd4 36. Rxd4 Re2 37. Rd7 a5 38. Kf1 Re6 39. Rb7 1-0

[Event "AUTO-OPEN-3661"]
[Site "http://www.queenalice.com/game.php?id=1472183"]
[Date "2017.4.6"]
[Round "3"]
[White "brianb65"]
[Black "FunChess"]
[Result "1-0"]
[WhiteElo "2075"]
[BlackElo "2293"]

1. Nf3 g6 2. d4 Bg7 3. e4 d6 4. Be3 Nf6 5. Bd3 O-O 6. O-O b6 7. Nc3 c5 8. d5 Ng4
9. Bd2 Ba6 10. Bxa6 Nxa6 11. a3 c4 12. Qe2 Rc8 13. h3 Ne5 14. Nb5 Qd7 15. Nbd4
Nxf3+ 16. Nxf3 Bxb2 17. Ra2 Bg7 18. c3 Qa4 19. Rb1 1-0

[Event "AUTO-OPEN-3661"]
[Site "http://www.queenalice.com/game.php?id=1472184"]
[Date "2017.4.6"]
[Round "3"]
[White "FunChess"]
[Black "brianb65"]
[Result "0-1"]
[WhiteElo "2313"]
[BlackElo "2048"]

1. e4 c6 2. d4 d5 3. e5 Bf5 4. Nc3 e6 5. g4 Bg6 6. Nge2 Bb4 7. Be3 Ne7 8. f4 Be4
9. Rg1 Nd7 10. Bd2 Bxc3 11. Nxc3 O-O 12. Nxe4 dxe4 13. c3 f5 14. exf6 Nxf6 15.
Qb3 Qd7 16. O-O-O Ned5 17. Rg3 Ne8 0-1

[Event "AUTO-ADV-3768"]
[Site "http://www.queenalice.com/game.php?id=1487476"]
[Date "2017.7.25"]
[Round "2"]
[White "brianb65"]
[Black "miguel7"]
[Result "1-0"]
[WhiteElo "2067"]
[BlackElo "1818"]

1. Nf3 d5 2. d4 Nf6 3. c4 Bf5 4. Nc3 e6 5. Bg5 Bb4 6. e3 h6 7. Bh4 O-O 8. Be2
Nc6 9. O-O Be7 10. a3 Ne4 11. Bxe7 Qxe7 12. c5 a6 13. Rc1 Na5 14. Ne5 c6 15.
Nxe4 dxe4 16. b4 f6 17. Ng4 h5 18. bxa5 hxg4 19. Bxg4 Bxg4 20. Qxg4 f5 21. Qe2
g5 22. f4 g4 23. Rb1 Rab8 24. Rb6 Rf6 25. Rfb1 Qh7 26. g3 Rf7 27. Rxc6 bxc6 28.
Rxb8+ 1-0

[Event "AUTO-ADV-3768"]
[Site "http://www.queenalice.com/game.php?id=1487477"]
[Date "2017.7.25"]
[Round "2"]
[White "miguel7"]
[Black "brianb65"]
[Result "0-1"]
[WhiteElo "1825"]
[BlackElo "2054"]

1. e4 c5 2. Bc4 e6 3. Nc3 Nc6 4. Nf3 a6 5. a3 Nf6 6. d3 Be7 7. h3 O-O 8. Be3 d5
9. e5 Nd7 10. Ba2 d4 11. Bd2 dxc3 12. Bxc3 Qc7 13. d4 cxd4 14. Nxd4 Ndxe5 15.
O-O Rd8 16. Qh5 Ng6 17. Nxc6 Qxc6 18. g3 b5 19. b4 Bb7 20. f3 Bd6 21. Kh2 Qxc3
0-1

[Event "AUTO-ADV-3768"]
[Site "http://www.queenalice.com/game.php?id=1487478"]
[Date "2017.7.25"]
[Round "2"]
[White "brianb65"]
[Black "andrevillares"]
[Result "0-1"]
[WhiteElo "2073"]
[BlackElo "1966"]

1. Nf3 d5 2. d4 c5 3. c4 cxd4 4. Nxd4 Nc6 5. Nxc6 bxc6 6. Nc3 Nf6 7. cxd5 cxd5
8. Bg5 e6 9. e3 Be7 10. Be2 O-O 11. O-O Bb7 12. Rc1 h6 13. Bf4 Rc8 14. a3 Nd7
15. Qd4 Bc5 16. Qd1 Nf6 17. h3 Re8 18. Bb5 Re7 19. Re1 e5 20. Bg3 a6 21. Ba4 d4
22. Bc2 dxc3 23. bxc3 Qa5 24. a4 Ba3 25. Rb1 Qxc3 26. Bb3 Qc6 27. f3 e4 28. f4
Rd7 29. Qe2 Nd5 30. Bxd5 Rxd5 31. Rb3 Rd3 32. Rxd3 exd3 33. Qxd3 Qxg2# 0-1

[Event "AUTO-ADV-3768"]
[Site "http://www.queenalice.com/game.php?id=1487479"]
[Date "2017.7.25"]
[Round "2"]
[White "andrevillares"]
[Black "brianb65"]
[Result "0-1"]
[WhiteElo "1986"]
[BlackElo "2053"]

1. d4 d5 2. c4 Nf6 3. cxd5 Nxd5 4. e4 Nf6 5. Bd3 e6 6. Nf3 Be7 7. O-O O-O 8. Nc3
Nc6 9. e5 Nd5 10. Qe2 a6 11. Nxd5 exd5 12. Be3 Bg4 13. h3 Bh5 14. Rac1 Nb4 15.
Bb1 Nc6 16. g4 Bg6 17. Bxg6 fxg6 18. a3 h6 19. Rfd1 Na5 20. Nd2 Nc6 21. f4 Qd7
22. Qd3 Qe6 23. Rf1 Bd8 24. f5 gxf5 25. gxf5 Qc8 26. f6 Qxh3 27. Qg6 Qxe3+ 28.
Kg2 Qxd2+ 29. Rf2 Qg5+ 30. Qxg5 hxg5 31. Rh1 gxf6 32. exf6 Rxf6 33. Rxf6 Bxf6
34. Rf1 Bxd4 35. b3 Rf8 0-1

[Event "AUTO-OPEN-3684"]
[Site "http://www.queenalice.com/game.php?id=1492612"]
[Date "2017.9.2"]
[Round "3"]
[White "Spiritus"]
[Black "brianb65"]
[Result "1-0"]
[WhiteElo "2354"]
[BlackElo "2061"]

1. e4 c5 2. Nc3 Nc6 3. f4 d6 4. Nf3 Bg4 5. Bb5 a6 6. Bxc6+ bxc6 7. O-O Nf6 8. h3
Bd7 9. d3 g6 10. Bd2 Bg7 11. Kh1 O-O 12. Qe1 Rb8 13. Rb1 Re8 14. e5 Nd5 15. Ne4
Qc7 16. a3 Bf5 17. Ng3 Bd7 18. c4 Nb6 19. Ba5 d5 20. b4 Qb7 21. bxc5 1-0

[Event "AUTO-OPEN-3684"]
[Site "http://www.queenalice.com/game.php?id=1492613"]
[Date "2017.9.2"]
[Round "3"]
[White "brianb65"]
[Black "Spiritus"]
[Result "0-1"]
[WhiteElo "2057"]
[BlackElo "2357"]

1. Nf3 d5 2. d4 c5 3. c4 dxc4 4. e3 e6 5. Bxc4 Nf6 6. Nc3 a6 7. a4 Nc6 8. O-O
Be7 9. dxc5 Qxd1 10. Rxd1 Bxc5 11. b3 Bd7 12. Bb2 Na5 13. Ne5 Bc6 14. Nxc6 Nxc6
15. Ne2 O-O 16. Bxf6 gxf6 17. Rd7 b6 18. Rad1 Ne5 19. Rb7 Rfd8 20. Nc3 Bb4 0-1

[Event "Challenge"]
[Site "http://www.queenalice.com/game.php?id=1499430"]
[Date "2017.10.19"]
[Round "-"]
[White "Rommel"]
[Black "brianb65"]
[Result "0-1"]
[WhiteElo "2003"]
[BlackElo "2053"]

1. e4 c5 2. Nf3 Nc6 3. d4 cxd4 4. Nxd4 Nf6 5. Nc3 a6 6. Be2 d6 7. O-O e5 8. Nb3
Be7 9. Bg5 O-O 10. a4 Be6 11. a5 Bxb3 12. cxb3 Nxa5 13. Rc1 Rc8 14. b4 Nc6 15.
b5 Nd4 16. bxa6 bxa6 17. Bxa6 Rb8 18. Rb1 Rb6 19. Bc4 Qc7 20. Bxf6 Bxf6 21. Nd5
Qc6 22. Nxf6+ gxf6 23. Qg4+ Kh8 24. Rfc1 Rg8 25. Qh4 Nf3+ 0-1

[Event "AUTO-OPEN-3644"]
[Site "http://www.queenalice.com/game.php?id=1520418"]
[Date "2018.3.20"]
[Round "3"]
[White "brianb65"]
[Black "jacconsultoria"]
[Result "0-1"]
[WhiteElo "2075"]
[BlackElo "2677"]

1. Nf3 c5 2. c4 Nf6 3. Nc3 Nc6 4. d3 g6 5. Bg5 Bg7 6. g3 O-O 7. Bg2 d6 8. O-O h6
9. Bf4 Bd7 10. Qc1 Kh7 11. a3 Rc8 12. Rd1 Nd4 13. Nxd4 cxd4 14. Ne4 Nh5 15. Bd2
d5 0-1

[Event "AUTO-OPEN-3644"]
[Site "http://www.queenalice.com/game.php?id=1520419"]
[Date "2018.3.20"]
[Round "3"]
[White "jacconsultoria"]
[Black "brianb65"]
[Result "1-0"]
[WhiteElo "2675"]
[BlackElo "2077"]

1. e4 c5 2. Nf3 Nc6 3. c3 d6 4. d4 cxd4 5. cxd4 Bg4 6. Be2 Nf6 7. h3 Bh5 8. Nc3
a6 9. O-O e6 10. g4 Bg6 11. d5 exd5 12. exd5 Nb8 13. g5 Ne4 14. Nxe4 Bxe4 15.
Qa4+ 1-0